000 00357nam a2200145Ia 4500
008 191206s9999 xx 000 0 und d
020 _a0385243332 :
090 _aPR6057.O75
245 0 _aHoodwink
250 _a1st ed.
260 _aPublished for the Crime Club by Doubleday
260 _ccc1988
300 _a185 p. ; 22 cm.
999 _c16174
_d16174